00519nam a22001697a 450000500170000001000150001702000260003203500140005803700130007208200080008510000220009324500610011525000120017626000590018827000740024730000280032120240201112215.0 aENG-138874 c899.00a9789356066274 aEN-122406 bDBAD/PUB a624 aJha, Kumar Neeraj aFormwork and Scaffold Engineering /cby Kumar Neeraj Jha a2nd ed. aNoidabPearson India Education Services Pvt Ltdc2024 aIst Floor, Berger Tower, Plot No C-001A/2 Sector 16B, bNoidae201301 a592p.:c25cm(pbk)bill.